<?xml version="1.0" encoding="UTF-8"?>
<record
    xmlns:xsi="http://www.w3.org/2001/XMLSchema-instance"
    xsi:schemaLocation="http://www.loc.gov/MARC21/slim http://www.loc.gov/standards/marcxml/schema/MARC21slim.xsd"
    xmlns="http://www.loc.gov/MARC21/slim">

  <leader>01396nam0a2200349   4500</leader>
  <controlfield tag="001">RU\NLR\bibl\1858595</controlfield>
  <controlfield tag="005">20260408152629.0</controlfield>
  <datafield tag="035" ind1=" " ind2=" ">
    <subfield code="a">(NLR Aleph) 001848511</subfield>
  </datafield>
  <datafield tag="090" ind1=" " ind2=" ">
    <subfield code="a">2369488</subfield>
    <subfield code="c">2369488</subfield>
  </datafield>
  <datafield tag="100" ind1=" " ind2=" ">
    <subfield code="a">20120119d1991    u  y0rusy50      ca</subfield>
  </datafield>
  <datafield tag="101" ind1="0" ind2=" ">
    <subfield code="a">rus</subfield>
  </datafield>
  <datafield tag="102" ind1=" " ind2=" ">
    <subfield code="a">RU</subfield>
  </datafield>
  <datafield tag="105" ind1=" " ind2=" ">
    <subfield code="a">y   |||||||||</subfield>
  </datafield>
  <datafield tag="200" ind1="1" ind2=" ">
    <subfield code="a">&#x41A;&#x430;&#x440;&#x430;&#x431;&#x430;&#x445;&#x441;&#x43A;&#x438;&#x439; &#x432;&#x43E;&#x43F;&#x440;&#x43E;&#x441;</subfield>
    <subfield code="e">&#x438;&#x441;&#x442;&#x43E;&#x43A;&#x438; &#x438; &#x441;&#x443;&#x449;&#x43D;&#x43E;&#x441;&#x442;&#x44C; &#x432; &#x434;&#x43E;&#x43A;&#x443;&#x43C;&#x435;&#x43D;&#x442;&#x430;&#x445; &#x438; &#x444;&#x430;&#x43A;&#x442;&#x430;&#x445;</subfield>
    <subfield code="f">&#x412;. &#x410;. &#x422;&#x43E;&#x432;&#x43C;&#x430;&#x441;&#x44F;&#x43D;, &#x412;. &#x410;. &#x410;&#x442;&#x430;&#x434;&#x436;&#x430;&#x43D;&#x44F;&#x43D;, &#x42E;. &#x411;. &#x41D;&#x435;&#x440;&#x441;&#x438;&#x441;&#x44F;&#x43D;</subfield>
  </datafield>
  <datafield tag="210" ind1=" " ind2=" ">
    <subfield code="a">&#x421;&#x442;&#x435;&#x43F;&#x430;&#x43D;&#x430;&#x43A;&#x435;&#x440;&#x442;</subfield>
    <subfield code="c">&#x41C;&#x430;&#x448;&#x442;&#x43E;&#x446;</subfield>
    <subfield code="d">1991</subfield>
  </datafield>
  <datafield tag="215" ind1=" " ind2=" ">
    <subfield code="a">173, [2] &#x441;.</subfield>
    <subfield code="d">19</subfield>
  </datafield>
  <datafield tag="300" ind1=" " ind2=" ">
    <subfield code="a">&#x41D;&#x430; &#x43E;&#x431;&#x43B;. &#x430;&#x432;&#x442;. &#x43D;&#x435; &#x443;&#x43A;&#x430;&#x437;&#x430;&#x43D;</subfield>
  </datafield>
  <datafield tag="320" ind1=" " ind2=" ">
    <subfield code="a">&#x411;&#x438;&#x431;&#x43B;&#x438;&#x43E;&#x433;&#x440;. &#x432; &#x442;&#x435;&#x43A;&#x441;&#x442;&#x435;</subfield>
  </datafield>
  <datafield tag="606" ind1=" " ind2=" ">
    <subfield code="a">&#x410;&#x437;&#x435;&#x440;&#x431;&#x430;&#x439;&#x434;&#x436;&#x430;&#x43D;&#x43E;-&#x430;&#x440;&#x43C;&#x44F;&#x43D;&#x441;&#x43A;&#x438;&#x439; &#x43A;&#x43E;&#x43D;&#x444;&#x43B;&#x438;&#x43A;&#x442;</subfield>
    <subfield code="j">&#x414;&#x43E;&#x43A;&#x443;&#x43C;&#x435;&#x43D;&#x442;&#x44B; &#x438; &#x43C;&#x430;&#x442;&#x435;&#x440;&#x438;&#x430;&#x43B;&#x44B;</subfield>
    <subfield code="3">RU\NLR\AUTH\6614157</subfield>
    <subfield code="9">913079</subfield>
  </datafield>
  <datafield tag="686" ind1="1" ind2=" ">
    <subfield code="a">&#x422;3(5&#x410;&#x437;)74-64(5&#x410;&#x440;),011</subfield>
  </datafield>
  <datafield tag="686" ind1="1" ind2=" ">
    <subfield code="a">&#x422;3(5&#x410;&#x440;)74-64(5&#x410;&#x437;),011</subfield>
  </datafield>
  <datafield tag="686" ind1="1" ind2=" ">
    <subfield code="a">&#x426;35(2)741,011</subfield>
  </datafield>
  <datafield tag="700" ind1=" " ind2="1">
    <subfield code="a">&#x422;&#x43E;&#x432;&#x43C;&#x430;&#x441;&#x44F;&#x43D;</subfield>
    <subfield code="b">&#x412;. &#x410;.</subfield>
    <subfield code="g">&#x412;&#x43B;&#x430;&#x434;&#x438;&#x43C;&#x438;&#x440; &#x410;&#x439;&#x440;&#x430;&#x43F;&#x435;&#x442;&#x43E;&#x432;&#x438;&#x447;</subfield>
    <subfield code="4">070</subfield>
  </datafield>
  <datafield tag="701" ind1=" " ind2="1">
    <subfield code="a">&#x410;&#x442;&#x430;&#x434;&#x436;&#x430;&#x43D;&#x44F;&#x43D;</subfield>
    <subfield code="b">&#x412;. &#x410;.</subfield>
    <subfield code="g">&#x412;&#x430;&#x43B;&#x435;&#x440;&#x438;&#x439; &#x410;&#x431;&#x433;&#x430;&#x440;&#x43E;&#x432;&#x438;&#x447;</subfield>
    <subfield code="4">070</subfield>
  </datafield>
  <datafield tag="701" ind1=" " ind2="1">
    <subfield code="a">&#x41D;&#x435;&#x440;&#x441;&#x438;&#x441;&#x44F;&#x43D;</subfield>
    <subfield code="b">&#x42E;. &#x411;.</subfield>
    <subfield code="g">&#x42E;&#x440;&#x438;&#x439; &#x411;&#x430;&#x445;&#x448;&#x438;&#x435;&#x432;&#x438;&#x447;</subfield>
    <subfield code="4">070</subfield>
  </datafield>
  <datafield tag="801" ind1=" " ind2="0">
    <subfield code="a">RU</subfield>
    <subfield code="b">NLR</subfield>
    <subfield code="c">20120119</subfield>
    <subfield code="g">RCR</subfield>
  </datafield>
  <datafield tag="801" ind1=" " ind2="1">
    <subfield code="a">RU</subfield>
    <subfield code="b">NLR</subfield>
    <subfield code="c">20120119</subfield>
  </datafield>
  <datafield tag="830" ind1=" " ind2=" ">
    <subfield code="a">&#x430;&#x432;&#x442;. &#x43F;&#x43E; &#x43A;&#x43D;.</subfield>
  </datafield>
  <datafield tag="942" ind1=" " ind2=" ">
    <subfield code="c">BOOK</subfield>
  </datafield>
  <datafield tag="980" ind1=" " ind2=" ">
    <subfield code="a">NB</subfield>
  </datafield>
  <datafield tag="995" ind1=" " ind2=" ">
    <subfield code="5">2012-01-19</subfield>
    <subfield code="a">ab</subfield>
    <subfield code="b">NLR01</subfield>
    <subfield code="c">NLR01</subfield>
    <subfield code="e">RF8</subfield>
    <subfield code="f">1-3432333</subfield>
    <subfield code="k">2012-3/1483</subfield>
    <subfield code="o">0</subfield>
    <subfield code="p">100.00</subfield>
    <subfield code="r">BOOK</subfield>
    <subfield code="s">201231483_</subfield>
  </datafield>
</record>
